000 01123nac a22003011i 4500
003 EG-ScBUE
005 20221214095801.0
008 221214t2007 vraae f 000 0 eng d
020 _a9781864702385 (hbk.) :
040 _aEG-ScBUE
_beng
_erda
_cEG-ScBUE
_dEG-ScBUE
043 _an-us---
082 0 4 _a727.0973
_bFOR
_222
100 1 _aFord, Alan B.,
_eauthor.
245 1 0 _aA sense of entry :
_bdesigning the welcoming school /
_cAlan Ford and Paul Hutton ; text by Jennifer Seward.
264 1 _aMulgrave, Victoria :
_bImages Publishing,
_c[2007]
264 4 _cc2007
300 _a160 pages :
_billustrations (chiefly color), plans ;
_c27 cm
650 7 _aEntrance halls
_zUnited States
_xDesigns and plans.
_2BUEsh
650 7 _aSchool buildings
_zUnited States
_xDesigns and plans.
_2BUEsh
650 7 _aArchitecture
_zUnited States.
_2BUEsh
650 7 _aArchitectural firms
_zUnited States.
_2BUEsh
653 _bENGARC
655 _vReading book
700 1 _aHutton, Paul C.,
_eauthor.
700 1 _aSeward, Jennifer,
_eauthor.
710 _aHutton Ford Architects.
942 _cBB
_k727.0973 FOR
_2ddc
999 _c8585
_d8585